Normal view MARC view
  • Phoolan Prasad

Entry Personal Name

Number of records used in: 1

001 - CONTROL NUMBER

  • control field: 8063

003 - CONTROL NUMBER IDENTIFIER

  • control field: OSt

005 - DATE AND TIME OF LATEST TRANSACTION

  • control field: 20260116111434.0

008 - FIXED-LENGTH DATA ELEMENTS

  • fixed length control field: 260116|| aca||aabn | a|a d

040 ## - CATALOGING SOURCE

  • Original cataloging agency: OSt
  • Transcribing agency: OSt

100 ## - HEADING--PERSONAL NAME

  • Personal name: Phoolan Prasad

670 ## - SOURCE DATA FOUND

  • Source citation: Work cat.: (OSt)755132: Phoolan Prasad, Partial differential equations, 2025.